Die 100 beliebtesten ♂ ♀ Vornamen in Moldawien - Statistiken

Allgemein
  • Dieses Quiz wurde 17 mal gespielt
  • Das Durchschnittsergebnis liegt bei 17 aus 102
Antwortstatistiken
♀ / ♂ Name % Korrekt
Jungen - - > | Mädchen - - > ⤵️
100%
A4 Anna
64%
A3 Ana
57%
M5 Maria
57%
A8 Alexandr
50%
V6 Victor
50%
E5 Elena
43%
V8 Valentin
43%
G8 Gheorghi
36%
N4 Nina
36%
O4 Oleg
36%
O4 Olga
36%
S6 Stefan
36%
V6 Valeri
36%
V8 Victoria
36%
V8 Vladimir
36%
A9 Alexandra
29%
I3 Ion
29%
S5 Sofia
29%
V9 Valentina
29%
A9 Alexandru
21%
A9 Anastasia
21%
B5 Boris
21%
C10 Constantin
21%
D6 Dmitri
21%
I4 Igor
21%
I5 Ioana
21%
I5 Irina
21%
N7 Natalia
21%
T6 Tamara
21%
A3 Ala
14%
A6 Alexei
14%
A4 Alla
14%
A6 Andrei
14%
E6 Emilia
14%
G6 Galina
14%
G8 Gheorghe
14%
I4 Ilie
14%
I5 Iulia
14%
I4 Ivan
14%
L7 Ludmila
14%
N7 Nicolai
14%
P5 Pavel
14%
P5 Petru
14%
S8 Svetlana
14%
T7 Tatiana
14%
V4 Vera
14%
V8 Veronica
14%
V7 Vitalie
14%
A6 Aliona
7%
E9 Ecaterina
7%
E9 Elizaveta
7%
E8 Eudochia
7%
E7 Eugenia
7%
E8 Evghenia
7%
F6 Fiodor
7%
G8 Ghenadie
7%
G7 Grigori
7%
I4 Iuri
7%
L6 Larisa
7%
L6 Leonid
7%
L5 Lidia
7%
L5 Liuba
7%
L8 Liudmila
7%
M6 Marina
7%
M6 Mihail
7%
N7 Nicolae
7%
P10 Parascovia
7%
P5 Piotr
7%
R5 Raisa
7%
S7 Serghei
7%
S6 Sergiu
7%
S6 Silvia
7%
S6 Simion
7%
S6 Stepan
7%
T5 Tudor
7%
V6 Vasile
7%
V6 Vasili
7%
V9 Veaceslav
7%
Z7 Zinaida
7%
A7 Anatoli
0%
A8 Anatolie
0%
A8 Anatolii
0%
A6 Angela
0%
D7 Dumitru
0%
E7 Eugeniu
0%
E8 Evdochia
0%
G9 Gheorghii
0%
G7 Grigore
0%
I5 Iurie
0%
L5 Lilia
0%
L6 Liubov
0%
L7 Liubovi
0%
M7 Mariana
0%
N7 Nadejda
0%
R6 Rodica
0%
V7 Valeriu
0%
V7 Vasilii
0%
V6 Viorel
0%
V7 Viorica
0%
Z7 Zinovia
0%
Keine übereinstimmenden Quizze gefunden
Verteilung der Resultate
Anzahl Personen mit jedem Resultat
Perzentil nach korrekt beantworteten Fragen
Ihre Resultats-Entwicklung
Sie haben dieses Quiz noch nicht gespielt